[Event "34th Chess Olympiad (men)"]
[Site "Istanbul"]
[Date "2000.11.04"]
[Round "7.29.1"]
[White "Lodhi, Mahmood"]
[Black "Rogers, Ian"]
[WhiteElo "2438"]
[BlackElo "2558"]
[WhiteCountry "PAK"]
[BlackCountry "AUS"]
[Result "0-1"]

1. d4 Nf6 2. Nf3 g6 3. g3 Bg7 4. Bg2 O-O 5. O-O d6 6. c4 c6 7. Nc3 Qa5 
8. e4 Bg4 9. h3 Bxf3 10. Qxf3 Nfd7 11. Ne2 c5 12. e5 Nc6 13. Qg4 Nb6 
14. Bxc6 bxc6 15. exd6 exd6 16. b3 f5 17. Qh4 Rae8 18. Nf4 Bxd4 19. Be3 Bxa1 
20. Rxa1 Qc3 21. Rd1 Qf6 22. Qxf6 Rxf6 23. h4 Nc8 24. Kg2 h6 25. Nh3 Kh7 
26. Kf3 Rf7 27. Rd3 a6 28. Ng1 Re6 29. Nh3 Ref6 30. Rd1 Nb6 31. Nf4 Nd7 
32. Ne2 Ne5+ 33. Kg2 Re7 34. Nc3 Nf7 35. Rh1 Kg7 36. Bd2 Rfe6 37. Be3 g5 
38. hxg5 hxg5 39. Rd1 Kg6 40. Nb1 Rf6 41. Nc3 Nh6 42. Rd3 Ng4 43. Bd2 Rh7 
44. f4 Re6 45. fxg5 Rh2+ 46. Kg1 Ne5 
0-1

[Event "34th Chess Olympiad (men)"]
[Site "Istanbul"]
[Date "2000.11.04"]
[Round "7.29.2"]
[White "Wohl, Aleksandar H"]
[Black "Gillani, Tunveer M D"]
[WhiteElo "2461"]
[BlackElo "2255"]
[WhiteCountry "AUS"]
[BlackCountry "PAK"]
[Result "1-0"]

1. Nf3 c5 2. g3 Nf6 3. Bg2 Nc6 4. O-O d5 5. d4 e6 6. c4 dxc4 7. Ne5 Bd7 
8. Na3 cxd4 9. Naxc4 Be7 10. Qb3 Nxe5 11. Nxe5 Qb6 12. Qxb6 axb6 13. Bxb7 Ra7 
14. Bf3 O-O 15. Rd1 Bc5 16. Bf4 Nd5 17. Bxd5 exd5 18. Nxd7 Rxd7 19. a3 Re8 
20. Kf1 h6 21. b4 Be7 22. Rac1 Bf6 23. Rc6 Re6 24. Rc2 Ra7 25. Bc1 Rd7 
26. Rd3 Kf8 27. Bb2 Re4 28. Rc6 Rde7 29. Rc8+ Re8 30. Rxe8+ Kxe8 31. f3 Re7 
32. Bxd4 Bxd4 33. Rxd4 Rd7 34. Ke1 Ke7 35. Kd2 Ra7 36. Rd3 Ke6 37. Kc2 Ke5 
38. Kb3 Rc7 39. Rc3 Rb7 40. Re3+ Kd4 41. Rd3+ Ke5 42. Ka4 b5+ 43. Ka5 Rb8 
44. Ka6 d4 45. Ka7 Rc8 46. Kb6 Rc2 47. e3 Rxh2 48. exd4+ Kd5 49. Kxb5 h5 
50. a4 g5 51. a5 f5 52. a6 Ra2 53. Rd1 Ra3 54. Rh1 Rxf3 55. Ra1 
1-0

[Event "34th Chess Olympiad (men)"]
[Site "Istanbul"]
[Date "2000.11.04"]
[Round "7.29.3"]
[White "Amer, Karim"]
[Black "West, Guy"]
[WhiteElo "2240"]
[BlackElo "2372"]
[WhiteCountry "PAK"]
[BlackCountry "AUS"]
[Result "1-0"]

1. d4 d6 2. Nf3 Bg4 3. e4 Nf6 4. Bd3 Nc6 5. c3 e5 6. d5 Ne7 7. Bg5 Ng6 
8. Bb5+ Bd7 9. Bxf6 gxf6 10. Qa4 Bh6 11. Bxd7+ Qxd7 12. Qxd7+ Kxd7 13. O-O f5 
14. exf5 Ne7 15. c4 Nxf5 16. Nc3 Rhg8 17. Ne4 Rg6 18. Ng3 Ne7 19. Nh4 Rg4 
20. Nhf5 Nxf5 21. Nxf5 Bd2 22. Rad1 Ba5 23. b3 a6 24. Rd3 Rf4 25. Ne3 b5 
26. Rc1 Bb6 27. Rc2 Bc5 28. Nd1 Rd4 29. Rxd4 Bxd4 30. Kf1 h5 31. Ne3 Rb8 
32. Nf5 Ba7 33. h4 bxc4 34. bxc4 Rg8 35. f3 Bb6 36. g4 e4 37. Re2 exf3 
38. Re7+ Kd8 39. g5 f6 40. Rg7 Re8 41. gxf6 f2 42. Ne7 a5 43. f7 Kxe7 
44. fxe8=Q+ Kxe8 45. Rh7 Kf8 46. Rxh5 Kg7 47. Rf5 Kg6 48. Rxf2 
1-0

[Event "34th Chess Olympiad (men)"]
[Site "Istanbul"]
[Date "2000.11.04"]
[Round "7.29.4"]
[White "Sandler, Leonid"]
[Black "Ullah, Asad"]
[WhiteElo "2416"]
[BlackElo "2000"]
[WhiteCountry "AUS"]
[BlackCountry "PAK"]
[Result "1-0"]

1. Nf3 Nf6 2. g3 g6 3. Bg2 Bg7 4. O-O O-O 5. c4 c6 6. d4 d6 7. Nc3 Nbd7 
8. e4 e5 9. h3 Qc7 10. Be3 Re8 11. Re1 Nf8 12. Rc1 Ne6 13. d5 Nc5 14. Qc2 Na6 
15. a3 c5 16. Rb1 Bd7 17. Nd2 Rac8 18. b4 b6 19. Rec1 Rf8 20. Nb5 Qb8 
21. Qa4 Nc7 22. bxc5 Nxb5 23. c6 Bxc6 24. dxc6 Nc7 25. c5 dxc5 26. Bxc5 Rfd8 
27. Be3 Ne6 28. Nb3 Qc7 29. Bf1 Rd6 30. Ba6 Rb8 31. Rc2 Qd8 32. Kg2 Ne8 
33. Bb7 Nd4 34. Nxd4 exd4 35. Bf4 Qe7 36. Bxd6 Nxd6 37. Qxa7 Qxe4+ 38. Kh2 Re8 
39. Rbc1 Bh6 40. c7 Nxb7 41. c8=Q Rxc8 42. Rxc8+ Kg7 43. R1c7 Nd6 44. Qa8 Qxa8 
45. Rxa8 Kf6 46. Rc6 Ke7 47. Ra7+ Ke6 48. Rxb6 Bf8 49. Kg2 Kd5 
1-0

[Event "34th Chess Olympiad (men)"]
[Site "Istanbul"]
[Date "2000.11.04"]
[Round "7.30.1"]
[White "Efimov, Igor"]
[Black "Mas, Hafizul Hilmi"]
[WhiteElo "2520"]
[BlackElo "2441"]
[WhiteCountry "ITA"]
[BlackCountry "MAS"]
[Result "1-0"]

1. d4 d6 2. e4 g6 3. Nc3 Bg7 4. Bg5 c6 5. Qd2 b5 6. Nf3 Nd7 7. a4 b4 8. Ne2 c5 
9. Ng3 Qc7 10. Be2 a6 11. h4 cxd4 12. Nxd4 h5 13. O-O Rb8 14. Rac1 Nc5 
15. c3 bxc3 16. Rxc3 Qb6 17. Rfc1 Qxb2 18. Qe3 Bd7 19. Bc4 f6 20. e5 fxe5 
21. Nb3 Nxb3 22. Bxb3 Nf6 23. Qd3 e4 24. Nxe4 Bf5 25. Nxd6+ exd6 26. Qxd6 Qxf2+ 
27. Kh1 Rxb3 28. Rxb3 Bd7 29. Re3+ Kf7 30. Re7+ Kg8 31. Rxg7+ 
1-0

[Event "34th Chess Olympiad (men)"]
[Site "Istanbul"]
[Date "2000.11.04"]
[Round "7.30.2"]
[White "Mok, Tze-Meng"]
[Black "D'Amore, Carlo"]
[WhiteElo "2308"]
[BlackElo "2462"]
[WhiteCountry "MAS"]
[BlackCountry "ITA"]
[Result "0-1"]

1. e4 g6 2. d4 Bg7 3. Nf3 d6 4. Nc3 c6 5. Be2 Qc7 6. O-O Nf6 7. Bf4 O-O 
8. Qd2 Bg4 9. e5 Ne8 10. Rfe1 Nd7 11. h3 Bxf3 12. exd6 Nxd6 13. Bxf3 e5 
14. dxe5 Nc4 15. Qe2 Ncxe5 16. Rad1 Rfe8 17. Ne4 Re6 18. Ng5 Re7 19. Qe3 Rae8 
20. Be2 Qa5 21. Ne4 Nb6 22. Nd6 Nec4 23. Qf3 Nxd6 24. Bxd6 Re6 25. Kf1 Bxb2 
0-1

[Event "34th Chess Olympiad (men)"]
[Site "Istanbul"]
[Date "2000.11.04"]
[Round "7.30.3"]
[White "Arlandi, Ennio"]
[Black "Wong, Zi Jing"]
[WhiteElo "2437"]
[BlackElo "2300"]
[WhiteCountry "ITA"]
[BlackCountry "MAS"]
[Result "1-0"]

1. d4 Nf6 2. c4 c5 3. d5 b5 4. cxb5 a6 5. e3 axb5 6. Bxb5 Qa5+ 7. Nc3 Bb7 
8. Nge2 Nxd5 9. O-O e6 10. e4 Nc7 11. Bc4 Be7 12. Ng3 O-O 13. Qg4 Kh8 
14. Bf4 Nc6 15. Rad1 d6 16. Rd3 Bc8 17. Qh5 Ne8 18. Rc1 Ba6 19. Bxa6 Qxa6 
20. Qd1 Rb8 21. b3 Rb4 22. Nge2 f5 23. exf5 Rxf5 24. Bxd6 Nxd6 25. Rxd6 Bxd6 
26. Qxd6 Qc8 27. Ng3 Re5 28. Qd1 Rd4 29. Qf3 Nb4 30. Nce4 Red5 31. Rxc5 Rd1+ 
32. Nf1 Rxc5 33. Nxc5 Rd8 34. Ne4 Nxa2 35. Ng5 Rf8 36. Qe4 g6 37. Qd4+ Kg8 
38. Qa7 
1-0

[Event "34th Chess Olympiad (men)"]
[Site "Istanbul"]
[Date "2000.11.04"]
[Round "7.30.4"]
[White "Azahari, Md Nor"]
[Black "Rossi, Carlo"]
[WhiteElo "2108"]
[BlackElo "2436"]
[WhiteCountry "MAS"]
[BlackCountry "ITA"]
[Result "0-1"]

1. d4 Nf6 2. Nc3 c5 3. d5 Qa5 4. f3 b5 5. e4 b4 6. Nce2 Bb7 7. Bd2 e6 
8. c4 exd5 9. exd5 g6 10. Nh3 Bg7 11. Ng3 O-O 12. Be2 d6 13. O-O Nbd7 
14. Qc2 Rfe8 15. Rae1 Qb6 16. f4 a5 17. Kh1 a4 18. Qb1 Ba6 19. Bd3 Ng4 
20. Ne4 h6 21. Nhf2 Nxf2+ 22. Nxf2 Qc7 23. Ne4 f5 24. Nf2 Nf6 25. Qd1 Qd7 
26. Qc1 Kf7 27. Rxe8 Nxe8 28. g4 Bd4 29. gxf5 gxf5 30. Qc2 Ng7 31. Kg2 Rg8 
32. Kf3 Bb7 33. Re1 Kf8 34. Be3 Bf6 35. Rg1 Kf7 36. Rxg7+ Kxg7 37. Bxf5 Qe8 
38. Bg4 h5 39. Bh3 Bc8 40. f5 Kh8 41. Ne4 Be5 42. Ng5 Qe7 43. Qd2 Qf6 
44. Ne4 Qh4 45. Nf2 Bxh2 46. Bf4 Bg3 47. Bxd6 Kh7 
0-1

[Event "34th Chess Olympiad (men)"]
[Site "Istanbul"]
[Date "2000.11.04"]
[Round "7.31.1"]
[White "Echavarria, Johann"]
[Black "Khatib, Kamel"]
[WhiteElo "2328"]
[BlackElo "2000"]
[WhiteCountry "COL"]
[BlackCountry "SYR"]
[Result "1-0"]

1. e4 e5 2. Nf3 Nc6 3. d4 exd4 4. Nxd4 Nf6 5. Nxc6 bxc6 6. e5 Qe7 7. Qe2 Nd5 
8. c4 Nb6 9. Nc3 Ba6 10. Qe4 Qe6 11. b3 Bb4 12. Bd2 Bxc3 13. Bxc3 d5 
14. Qh4 dxc4 15. Be2 Rd8 16. O-O O-O 17. Rad1 Rxd1 18. Rxd1 h6 19. h3 Re8 
20. Bg4 Qg6 21. Rd8 Rxd8 22. Qxd8+ Kh7 23. e6 fxe6 24. Qf8 Nd7 25. Qe7 Nf6 
26. Bxe6 Qg5 27. Be5 c3 28. f4 Qg6 29. Bxc3 Bd3 30. g4 Nd5 31. Qf8 Nf6 
32. Qd8 Bc2 33. Qe7 Nd5 34. Qf8 Nf6 35. Be5 Qe8 36. Qxe8 Nxe8 37. Bd7 Nd6 
38. Bxc6 Bb1 39. a3 Bd3 40. Kf2 Kg8 41. Ke3 Bf1 42. h4 g6 43. Bxd6 cxd6 
44. g5 hxg5 45. hxg5 Bh3 46. Kd4 Kf7 47. Bd5+ Kg7 48. b4 Bd7 49. Be4 Be6 
50. a4 Bf7 51. b5 Kf8 52. a5 
1-0

[Event "34th Chess Olympiad (men)"]
[Site "Istanbul"]
[Date "2000.11.04"]
[Round "7.31.2"]
[White "Al Zaim, Talal"]
[Black "Mosquera, Miguel"]
[WhiteElo "2249"]
[BlackElo "2333"]
[WhiteCountry "SYR"]
[BlackCountry "COL"]
[Result "1-0"]

1. d4 d5 2. c4 c6 3. Nc3 e5 4. dxe5 d4 5. Ne4 Qa5+ 6. Nd2 Qxe5 7. Ngf3 Qd6 
8. g3 Nf6 9. Bg2 Be7 10. O-O O-O 11. Nb3 c5 12. Bf4 Qb6 13. e3 dxe3 
14. Bxe3 Nc6 15. Qe2 a5 16. Rad1 a4 17. Nc1 Bf5 18. Nd3 Rfe8 19. Nde5 Nxe5 
20. Nxe5 Bd6 21. Nd3 Qc7 22. Rfe1 h5 23. h3 Be4 24. Qf1 Bf5 25. Bg5 Ne4 
26. Bf4 h4 27. Bxd6 Qxd6 28. g4 Bh7 29. Re3 Re7 30. Nb4 Nd2 31. Rxe7 Qxe7 
32. Nd5 Qg5 33. Qe2 Nb3 34. axb3 axb3 35. Qe3 Qxe3 36. Nxe3 Kf8 37. Nf5 g6 
38. Nxh4 Ra2 39. Rd2 Ra1+ 40. Kh2 Rc1 41. Rd3 g5 42. Nf5 Bxf5 43. gxf5 Rxc4 
44. Rxb3 Rf4 45. Kg3 Rxf5 46. Rxb7 c4 47. Rd7 f6 48. Bd5 Ke8 49. Rd6 Ke7 
50. Re6+ Kd7 51. Bxc4 Rf4 52. Bb3 f5 53. Rg6 
1-0

[Event "34th Chess Olympiad (men)"]
[Site "Istanbul"]
[Date "2000.11.04"]
[Round "7.31.3"]
[White "Uribe, Mauricio"]
[Black "Al-Baba, Izate"]
[WhiteElo "2293"]
[BlackElo "2000"]
[WhiteCountry "COL"]
[BlackCountry "SYR"]
[Result "1-0"]

1. e4 c5 2. Nf3 e6 3. d4 cxd4 4. Nxd4 Nc6 5. Nc3 Qc7 6. Ndb5 Qb8 7. Be3 a6 
8. Bb6 axb5 9. Nxb5 Bb4+ 10. c3 Ba5 11. Nc7+ Kf8 12. Nxa8 Qxa8 13. Qd6+ Nge7 
14. Qa3 f6 15. b4 Bxb4 16. Qa5 Qa7 17. Qxa7 Bxc3+ 18. Kd1 Bxa1 19. Qa8 Be5 
20. Bc4 g5 21. Rf1 g4 22. g3 Kg7 23. Qa3 d5 24. h3 h5 25. Be2 Re8 26. exd5 exd5 
27. Bc5 Bf5 28. Rh1 Bd3 29. Qxd3 Ng6 30. Bxg4 hxg4 31. Qe3 f5 32. Qh6+ Kf6 
33. Qg5+ 
1-0

[Event "34th Chess Olympiad (men)"]
[Site "Istanbul"]
[Date "2000.11.04"]
[Round "7.31.4"]
[White "Mohamed, Sameer"]
[Black "Renteria, Jorge"]
[WhiteElo "2287"]
[BlackElo "2271"]
[WhiteCountry "SYR"]
[BlackCountry "COL"]
[Result "1/2-1/2"]

1. d4 Nf6 2. c4 c5 3. d5 b5 4. cxb5 a6 5. bxa6 g6 6. Nc3 Bxa6 7. g3 d6 
8. Bg2 Bg7 9. Rb1 O-O 10. a4 Nbd7 11. Nh3 Qa5 12. Bd2 Rfb8 13. O-O Qc7 
14. b3 Rb7 15. Qc2 Rab8 16. Rfe1 Qc8 17. Na2 Ra8 18. Nf4 Ne5 19. Bc3 Rba7 
20. Bxe5 dxe5 21. Nd3 c4 22. Nxe5 cxb3 23. Qxb3 Rb7 24. Qa3 Rxb1 25. Rd1 Rc1 
26. Rxc1 Qf5 27. Rb1 Bd3 28. Qxd3 Qxd3 29. exd3 Rxa4 30. Nb4 Bf8 31. Nbc6 Ra3 
32. Be4 Ra4 33. f3 Nh5 34. d4 Ra3 35. f4 Nf6 36. Bg2 Ra2 37. Re1 Rd2 38. h3 Kg7 
39. Bf3 Rd3 40. Kf2 Rd2+ 41. Kf1 Rd3 42. Ke2 Rb3 43. Kf2 Rc3 44. Nd3 Rxd3 
45. g4 Rd2+ 46. Kf1 Rd3 47. Ke2 Rb3 48. g5 Ne8 49. Kf2 Rb7 50. Re2 Nd6 
51. h4 h5 52. gxh6+ Kxh6 53. Bg4 Kg7 54. h5 gxh5 55. Bxh5 Kf6 56. Bg4 Bh6 
57. Kf3 Rb3+ 58. Re3 Rxe3+ 59. Kxe3 Nc4+ 60. Ke4 Nd6+ 61. Ke3 Nc4+ 62. Ke4 Nd6+ 
1/2-1/2

[Event "34th Chess Olympiad (men)"]
[Site "Istanbul"]
[Date "2000.11.04"]
[Round "7.32.1"]
[White "Rohl, Juan"]
[Black "Bin Sattar, Reefat"]
[WhiteElo "2350"]
[BlackElo "2467"]
[WhiteCountry "VEN"]
[BlackCountry "BAN"]
[Result "1/2-1/2"]

1. e4 c5 2. c3 d5 3. exd5 Qxd5 4. d4 Nf6 5. Nf3 g6 6. Na3 Bg7 7. Bc4 Qe4+ 
8. Be3 O-O 9. O-O Bg4 10. Ng5 Bxd1 11. Nxe4 Nxe4 12. Raxd1 cxd4 13. Bxd4 Nc6 
14. Be3 Ne5 15. Be2 f5 16. Nb5 f4 17. Bd4 f3 18. gxf3 Ng5 19. Kh1 Nexf3 
20. Be3 a6 21. Nc7 Rac8 22. Nd5 Rce8 23. Nc7 Rc8 24. Rd7 Rf7 25. Nd5 Re8 
26. Rxb7 Be5 27. Bxg5 Nxg5 28. f4 e6 29. Rxf7 Nxf7 30. Nb4 Bf6 31. Bxa6 Rd8 
32. Bc4 Rd2 33. Bxe6 Rxb2 34. Nd3 Rb6 35. Bd5 Kg7 36. c4 Rd6 37. Rb1 Nd8 
38. Nc5 Bd4 39. Ne4 Rd7 40. Rb8 Be3 41. Ng5 Kf6 42. Nh3 Ba7 43. Ra8 Ne6 
44. Kg2 Re7 45. Bxe6 Kxe6 46. Nf2 Kd6 47. Ng4 Re2+ 48. Kf3 Rxa2 49. Ne5 Ra3+ 
50. Kg4 Ke6 51. Kg5 Ra2 52. Kg4 Rg2+ 53. Kh3 Ra2 54. Nc6 Ra3+ 55. Kg4 Bc5 
56. Rxa3 Bxa3 57. Kg5 Bf8 58. Nd4+ Kf7 59. Nf3 h6+ 60. Kg4 Kf6 61. Ne5 Bd6 
62. Nd3 h5+ 63. Kf3 Kf5 64. c5 Bc7 65. c6 g5 66. fxg5 Kxg5 67. Ke4 Kg4 
68. Ne5+ Kh3 69. Nf3 Kg2 70. Ke3 Bb8 71. Ke2 Bf4 72. h4 Kg3 73. Ng5 Kxh4 
74. Ne6 Bd6 75. Kf3 Bb8 76. Ke4 
1/2-1/2

[Event "34th Chess Olympiad (men)"]
[Site "Istanbul"]
[Date "2000.11.04"]
[Round "7.32.2"]
[White "Rahman, Ziaur"]
[Black "Sequera, Jose"]
[WhiteElo "2421"]
[BlackElo "2357"]
[WhiteCountry "BAN"]
[BlackCountry "VEN"]
[Result "0-1"]

1. Nf3 e6 2. g3 f5 3. Bg2 Nf6 4. O-O Be7 5. c4 O-O 6. d4 c6 7. b3 a5 
8. Ba3 Bxa3 9. Nxa3 d6 10. Nc2 Qc7 11. e3 e5 12. c5 e4 13. cxd6 Qxd6 
14. Nd2 Be6 15. Qc1 Nbd7 16. Rd1 a4 17. b4 b5 18. a3 Bd5 19. Rf1 Rae8 
20. Qb2 Ng4 21. Qc3 Re6 22. h3 Ngf6 23. Rfe1 g5 24. Rac1 Rf7 25. Kh1 Rg7 
26. Rg1 Ng4 27. Rgf1 Rh6 28. Kg1 Ngf6 29. Rfe1 f4 30. exf4 gxf4 31. Nxe4 Nxe4 
32. Bxe4 Rxh3 33. Qd3 fxg3 34. f4 Qxf4 35. Bxd5+ cxd5 36. Qe3 Qf2+ 
37. Qxf2 gxf2+ 38. Kxf2 Nf6 39. Rg1 Ng4+ 40. Ke2 h5 41. Rh1 Rc3 42. Kd2 Rgc7 
43. Rxh5 Nf6 44. Rg5+ Kf7 45. Rg2 Ne4+ 46. Kd1 Rd3+ 47. Ke1 Rdc3 48. Kd1 Kf6 
49. Ra1 Rd3+ 50. Kc1 Rh7 51. Rg1 Rh2 52. Rf1+ Ke6 53. Ra2 Rdd2 54. Rb2 Nd6 
55. Re1+ Kd7 56. Rd1 Rdf2 57. Ra2 Nc4 58. Rd3 Rf1+ 59. Rd1 Rhh1 
0-1

[Event "34th Chess Olympiad (men)"]
[Site "Istanbul"]
[Date "2000.11.04"]
[Round "7.32.3"]
[White "Gallegos, Carlos"]
[Black "Al Rakib, Abdullah"]
[WhiteElo "2000"]
[BlackElo "2386"]
[WhiteCountry "VEN"]
[BlackCountry "BAN"]
[Result "1/2-1/2"]

1. e4 c6 2. d3 d5 3. Nd2 g6 4. Ngf3 Bg7 5. g3 e5 6. Bg2 Ne7 7. O-O O-O 
8. Re1 Qc7 9. b3 Nd7 10. Ba3 Re8 11. d4 dxe4 12. Nxe4 Nf5 13. d5 cxd5 
14. Qxd5 Nf6 15. Qc5 Qxc5 16. Nxc5 e4 17. Ng5 h6 18. Ngxe4 Nxe4 19. Nxe4 Bxa1 
20. Rxa1 Rd8 21. g4 Nd4 22. Be7 Be6 23. Bxd8 Rxd8 24. c4 Ne2+ 25. Kf1 Nf4 
26. Nc5 b6 27. Ne4 Kg7 28. h3 f5 29. gxf5 Bxf5 30. Ng3 Bxh3 31. Bxh3 Nxh3 
32. Re1 Nf4 33. Ne2 Ne6 34. Nc3 Nf4 35. Ne2 Ne6 36. Nc3 Nf4 
1/2-1/2

[Event "34th Chess Olympiad (men)"]
[Site "Istanbul"]
[Date "2000.11.04"]
[Round "7.32.4"]
[White "Hossain, Rajib"]
[Black "Ostos, Julio"]
[WhiteElo "2314"]
[BlackElo "2344"]
[WhiteCountry "BAN"]
[BlackCountry "VEN"]
[Result "0-1"]

1. e4 e6 2. d4 d5 3. Nc3 Bb4 4. exd5 exd5 5. Bd3 Nc6 6. a3 Bxc3+ 7. bxc3 Nge7 
8. Qh5 Be6 9. Rb1 b6 10. Nh3 Qd7 11. Ng5 O-O-O 12. O-O Bg4 13. Qh4 Rdf8 
14. Qg3 Bf5 15. c4 f6 16. cxd5 Qxd5 17. Ba6+ Kb8 18. Nf3 Bxc2 19. Rb5 Qd7 
20. Rb2 Be4 21. Be3 Bd5 22. Nd2 Nf5 23. Qh3 g5 24. Nb3 g4 25. Qh5 Bf7 
26. Qxg4 Rhg8 27. Nc5 Qd5 28. Qe4 Re8 29. Qxd5 Bxd5 30. Nd7+ Ka8 31. Nxf6 Bxg2 
32. Nxg8 Rxg8 33. Bf4 h5 34. Bg3 Bf3 35. Bc4 Rg7 36. d5 Ncd4 37. h4 Nxh4 
38. Kh2 Nhf5 39. Re1 Kb7 40. Re5 h4 41. Bf4 Rg4 42. Be3 Rg2+ 43. Kh3 Rg1 
44. Rxf5 Nxf5 
0-1

[Event "34th Chess Olympiad (men)"]
[Site "Istanbul"]
[Date "2000.11.04"]
[Round "7.33.1"]
[White "Campora, Daniel H"]
[Black "Hatanbaatar, Bazar"]
[WhiteElo "2526"]
[BlackElo "2507"]
[WhiteCountry "ARG"]
[BlackCountry "MGL"]
[Result "1/2-1/2"]

1. e4 c5 2. Nf3 Nc6 3. Bb5 e6 4. O-O Nge7 5. d4 cxd4 6. Nxd4 Qb6 7. Be3 Nxd4 
8. a4 e5 9. c3 a6 10. cxd4 axb5 11. d5 Qf6 12. Nc3 Ng6 13. Nxb5 Bd6 14. Qd2 h6 
15. Bb6 O-O 16. a5 Nf4 17. g3 Nh3+ 18. Kg2 Ng5 19. f3 Be7 20. h4 Nh7 21. d6 Bd8 
22. Bxd8 Rxd8 23. Nc7 Rb8 24. Qb4 b5 25. a6 Bxa6 26. Rxa6 Kh8 27. f4 exf4 
28. Rxf4 Qg6 29. Qb3 Nf6 30. Qf3 h5 31. Rf5 Ng4 32. Rg5 Qh7 33. b4 f6 
34. Rd5 Rf8 35. Kg1 Ne5 36. Qe2 Qh6 37. Ra5 g5 38. Qe3 Nc4 39. hxg5 Nxe3 
40. gxh6 Nxd5 41. Nxd5 Kh7 42. Ra7 Kxh6 43. Kf2 Rbd8 44. Kf3 Kg6 45. Rb7 Kf7 
46. Nf4 Rg8 47. Nxh5 Ke6 48. Rxb5 Rg5 49. Nf4+ Kxd6 50. Rb6+ Ke5 51. g4 Ra8 
52. Ke3 Ra3+ 53. Nd3+ Rxd3+ 54. Kxd3 Rxg4 55. Rb5+ Kd6 56. Rd5+ Kc6 57. Rf5 Rg6 
58. Kc4 Rh6 59. Rf2 Kc7 60. Kc5 Rh4 61. Kd5 Rh5+ 62. Rf5 Rh6 63. b5 Rg6 
64. Kc5 Rg4 65. Kd4 Rg6 66. Rf4 Rg5 67. Rf5 Rg6 68. Kd5 Rh6 69. Kc5 Rh4 70. Kd4 
1/2-1/2

[Event "34th Chess Olympiad (men)"]
[Site "Istanbul"]
[Date "2000.11.04"]
[Round "7.33.2"]
[White "Sharavdorj, Dashzeveg"]
[Black "Hoffman, Alejandro"]
[WhiteElo "2448"]
[BlackElo "2491"]
[WhiteCountry "MGL"]
[BlackCountry "ARG"]
[Result "1/2-1/2"]

1. Nf3 d5 2. d4 Nf6 3. c4 e6 4. Nc3 Be7 5. Bg5 O-O 6. e3 Nbd7 7. Rc1 dxc4 
8. Bxc4 a6 9. a4 c5 10. O-O cxd4 11. exd4 Nb6 12. Bb3 Bd7 13. a5 Nc8 
14. Ra1 Bc6 15. Ne5 Nd5 16. Bd2 Nc7 17. Qg4 Nd6 18. Na4 Bxa4 19. Rxa4 Rc8 
20. Bc2 Nd5 21. Bb1 Ne8 22. Rd1 g6 23. h4 Ng7 24. Bh6 Bxh4 25. Ra3 f5 
26. Qe2 Bg5 27. Bxg7 Kxg7 28. Nd3 Rc6 29. Nc5 Rf7 30. Ba2 Re7 31. Qf3 Rd6 
32. Bc4 Bf6 33. Rb3 Qc8 34. Qg3 Rc6 35. Bxd5 exd5 36. Re3 Rf7 37. Rde1 Rxc5 
38. dxc5 Qxc5 39. Re8 h5 40. Qb8 Qxa5 41. R1e6 Qc7 42. Rg8+ Kh7 43. Qe8 Bg7 
44. b3 d4 45. Qc8 Qc3 46. Qe8 Qc7 47. Qc8 Qxc8 48. Rxc8 Rd7 49. Kf1 d3 
50. Ke1 Bd4 51. f3 f4 52. Ree8 Be3 53. Red8 d2+ 54. Kd1 Rf7 55. Rf8 Rd7 
56. Rfd8 Re7 57. Re8 Rf7 58. Rf8 Rxf8 59. Rxf8 Kh6 60. b4 Kg5 61. Rg8 b6 
62. Ke2 Kf6 63. Ra8 g5 64. Rxa6 g4 65. Ra1 Ke5 66. Rh1 Kd4 67. Rxh5 gxf3+ 
68. gxf3 Kc3 69. b5 Bc5 70. Rd5 Be3 71. Rf5 Kc4 
1/2-1/2

[Event "34th Chess Olympiad (men)"]
[Site "Istanbul"]
[Date "2000.11.04"]
[Round "7.33.3"]
[White "Soppe, Guillermo"]
[Black "Ganbold, Odondoo"]
[WhiteElo "2471"]
[BlackElo "2405"]
[WhiteCountry "ARG"]
[BlackCountry "MGL"]
[Result "1/2-1/2"]

1. Nf3 d6 2. d4 Bg4 3. e4 g6 4. Bc4 Qc8 5. h3 Be6 6. d5 Bd7 7. Bd3 Bg7 8. c4 a5 
9. O-O Na6 10. Nc3 e5 11. dxe6 Bxe6 12. Nd5 Nc5 13. Re1 Nf6 14. Bg5 Bxd5 
15. exd5+ Kf8 16. Bc2 h6 17. Be3 Nfd7 18. Nd4 Bf6 19. Rb1 Kg7 20. Qd2 Qd8 
21. Nb5 h5 22. b3 Nb6 23. a4 Nbd7 24. Re2 Kh7 25. Rbe1 Re8 26. Bxc5 Rxe2 
27. Qxe2 Nxc5 28. Qxh5+ Kg7 29. Qg4 Qc8 30. f4 Qxg4 31. hxg4 c6 32. Nxd6 Bd4+ 
33. Kf1 Rd8 34. Ne8+ Kf8 35. Nc7 Rc8 36. d6 Rd8 37. g5 Nd7 38. f5 gxf5 
39. Bxf5 Nc5 40. Bc2 Na6 41. g6 Nxc7 42. dxc7 Rc8 43. gxf7 Kxf7 44. Re4 Bf6 
45. g4 Rxc7 46. Rf4 Kg7 47. Rf5 Bc3 48. Ke2 Rd7 49. Bd3 Re7+ 50. Kd1 Rf7 
51. Rh5 Rf2 52. Bf5 Kf7 53. Rh3 Be5 54. Rd3 Kf6 55. Rd7 b6 56. Rb7 Bd4 
57. Rc7 Bc5 58. Rxc6+ Ke5 59. Rc8 Kd4 60. Rd8+ Kc3 61. Rd3+ Kb4 62. Bd7 Rg2 
63. Ke1 Ka3 64. Rf3 Kb2 65. Bf5 Rg1+ 66. Ke2 
1/2-1/2

[Event "34th Chess Olympiad (men)"]
[Site "Istanbul"]
[Date "2000.11.04"]
[Round "7.33.4"]
[White "Byambaa, Zulzaga"]
[Black "Bertona, Fernando"]
[WhiteElo "2273"]
[BlackElo "2405"]
[WhiteCountry "MGL"]
[BlackCountry "ARG"]
[Result "1-0"]

1. e4 d5 2. exd5 Qxd5 3. Nc3 Qa5 4. d4 Nf6 5. Nf3 c6 6. a3 Bf5 7. Bd2 e6 
8. Ne4 Qd8 9. Nxf6+ Qxf6 10. Bg5 Qg6 11. c3 Bg4 12. Be3 Qf6 13. Qb3 Qe7 
14. Ne5 Bh5 15. g4 Bg6 16. h4 f6 17. Nxg6 hxg6 18. Bd3 Kf7 19. O-O-O b5 
20. Qc2 f5 21. h5 gxh5 22. gxf5 Nd7 23. Be4 Nf6 24. Bxc6 Rc8 25. Bxb5 Nd5 
26. Ba4 Nxc3 27. fxe6+ Kg8 28. bxc3 Qxa3+ 29. Kd2 Rxc3 30. Qf5 Rc7 31. Bd7 Qa2+ 
32. Ke1 Bb4+ 33. Kf1 Qa6+ 34. Kg2 Qb7+ 35. d5 
1-0

[Event "34th Chess Olympiad (men)"]
[Site "Istanbul"]
[Date "2000.11.04"]
[Round "7.34.2"]
[White "Chan, Peng-Kong"]
[Black "Zambrana, Oswaldo"]
[WhiteElo "2395"]
[BlackElo "2253"]
[WhiteCountry "SIN"]
[BlackCountry "BOL"]
[Result "1-0"]

1. d4 Nf6 2. Nf3 e6 3. c4 b6 4. g3 Ba6 5. b3 Bb4+ 6. Bd2 Be7 7. Bg2 O-O 
8. Ne5 c6 9. O-O d5 10. Bc3 Nfd7 11. Nxd7 Nxd7 12. Nd2 Rc8 13. e4 b5 
14. Re1 dxc4 15. bxc4 Nb6 16. Rc1 bxc4 17. a4 c5 18. d5 exd5 19. exd5 Bf6 
20. Bxf6 Qxf6 21. a5 Nd7 22. Nxc4 Rb8 23. Qa4 Bb5 24. Qa3 Rfe8 25. Rxe8+ Rxe8 
26. Ne3 Ne5 27. Rxc5 Nd3 28. Rc2 Qd4 29. Qc3 Qa4 30. Bf1 Qe4 31. Bxd3 Bxd3 
32. Rd2 Bb5 33. Qd4 Qg6 34. Qxa7 h5 35. Qd4 Re4 36. Qb6 Rxe3 37. Qxe3 Qb1+ 
38. Kg2 Qf1+ 39. Kf3 Bd7 40. Ke4 Qb1+ 41. Qd3 Qh1+ 42. Kd4 Qa1+ 43. Qc3 Qa4+ 
44. Ke3 Bf5 45. f3 Qb5 46. h4 Qf1 47. Kf4 Bd7 48. Rb2 Qd1 49. Qd2 Qg1 
50. Rb8+ Kh7 51. Qd3+ g6 52. Qc3 
1-0

[Event "34th Chess Olympiad (men)"]
[Site "Istanbul"]
[Date "2000.11.04"]
[Round "7.34.3"]
[White "Ferrufino, Boris"]
[Black "Ong, Chong-Ghee"]
[WhiteElo "2146"]
[BlackElo "2342"]
[WhiteCountry "BOL"]
[BlackCountry "SIN"]
[Result "0-1"]

1. d4 Nf6 2. c4 g6 3. Nc3 Bg7 4. g3 O-O 5. Bg2 d6 6. Nf3 Nc6 7. O-O a6 
8. h3 Rb8 9. e4 b5 10. Qe2 b4 11. Nb1 e5 12. d5 Nd4 13. Nxd4 exd4 14. Bg5 h6 
15. Bxf6 d3 16. Bxd8 dxe2 17. Re1 Rxd8 18. Rxe2 a5 19. Rc2 a4 20. a3 Bd7 
21. Bf1 Re8 22. axb4 Rb6 23. b5 Rxb5 24. Nc3 Rb4 25. b3 Rxb3 26. Rb2 Bxc3 
27. Rab1 Bxb2 28. Rxb2 Rxe4 29. Re2 Rxe2 30. Kg2 Rc3 31. g4 Bxg4 32. hxg4 Rec2 
33. g5 Rc3 34. Kh3 Kf6 35. Kg2 Ke5 36. g4 f5 37. f3 f4 38. Ra8 Rxc4 
39. Rh8 Rc2+ 40. Kg1 Kxd5 41. Rxh6 Kd4 42. Rxg6 Ke3 43. Rg8 Kxf3 44. g5 Kg3 
0-1

[Event "34th Chess Olympiad (men)"]
[Site "Istanbul"]
[Date "2000.11.04"]
[Round "7.34.4"]
[White "Leong, Chee"]
[Black "Monroy, Javier"]
[WhiteElo "2000"]
[BlackElo "2000"]
[WhiteCountry "SIN"]
[BlackCountry "BOL"]
[Result "1-0"]

1. c4 Nf6 2. Nc3 b6 3. g3 Bb7 4. Nf3 c5 5. Bg2 g6 6. O-O Bg7 7. d4 cxd4 
8. Qxd4 O-O 9. Rd1 Nc6 10. Qh4 Rc8 11. Bh6 Na5 12. Bxg7 Rxc4 13. Bxf6 Rxh4 
14. Bxh4 f6 15. g4 e6 16. b3 Qe7 17. Rac1 d5 18. e3 Rc8 19. g5 f5 20. Bg3 a6 
21. h4 Qa3 22. Ne1 Qb4 23. Nd3 Qg4 24. Kh2 Rxc3 25. f3 Rxc1 26. Rxc1 Qh5 
27. Nf4 Nc6 28. Nxh5 
1-0

[Event "34th Chess Olympiad (men)"]
[Site "Istanbul"]
[Date "2000.11.04"]
[Round "7.35.1"]
[White "Kastanieda, Georgiy"]
[Black "El Taher, Fouad"]
[WhiteElo "2457"]
[BlackElo "2485"]
[WhiteCountry "PER"]
[BlackCountry "EGY"]
[Result "1/2-1/2"]

1. d4 Nf6 2. Nf3 g6 3. c4 Bg7 4. g3 O-O 5. Bg2 d6 6. O-O c5 7. dxc5 dxc5 
8. Nc3 Nc6 9. Be3 Be6 10. Bxc5 Qa5 11. Be3 Bxc4 12. Nd4 Ng4 13. Bxc6 Nxe3 
14. fxe3 bxc6 15. Nxc6 
1/2-1/2